000 00377nam a2200157Ia 4500
008 230711s9999||||xx |||||||||||||| ||und||
041 _aENG
082 _a624
_bSP-F
100 _aSpain & Partners
245 0 _aFloor wall and ceiling finishings
250 _a1st Ed.
260 _c1988
_aNew York
_bThomas Telford
300 _a260
650 _aCivil Engineering
942 _cBK
999 _c761
_d761